Do Government Wage Cuts Close Budget Deficits? <A> Conceptual Framework for Developing Countries and Transition Economies

Gespeichert in:
Bibliographische Detailangaben
1. Verfasser: Haque, Nadeem Ul
Weitere Verfasser: Sahay, Ratna
Format: Buch
Sprache:Englisch
Veröffentlicht: Washington International Monetary Fund 1996
Ausgabe:1. ed.
Schriftenreihe:IMF Working Paper 19
Schlagworte:
Tags: Tag hinzufügen
Keine Tags, Fügen Sie das erste Tag hinzu!

MARC

LEADER 00000nam a2200000 4500
001 c017468
005 20221205125113.8
041 0 |a eng 
044 |a US 
245 1 0 |a Do Government Wage Cuts Close Budget Deficits?  |b <A> Conceptual Framework for Developing Countries and Transition Economies  |c Nadeem Ul Haque, Ratna Sahay 
250 |a 1. ed. 
264 1 |a Washington  |b International Monetary Fund  |c 1996 
300 |a 29 s. 
490 1 |a IMF Working Paper  |v 19 
830 0 |a IMF Working Paper  |v 19 
610 2 0 |a sektor verejný 
610 2 0 |a mzdy 
610 2 0 |a rozpočet štátny 
610 2 0 |a únik daňový 
610 2 0 |a korupcia 
610 2 0 |a krajiny rozvojové 
610 2 0 |a SVE 
610 2 0 |a vláda 
610 2 0 |a firmy 
610 2 0 |a politika mzdová 
610 2 0 |a regulácia miezd 
100 1 |a Haque, Nadeem Ul 
700 1 |a Sahay, Ratna